000 00803nam a2200301Ia 4500
003 OSt
005 20220912144546.0
006 a|||||r|||| 00| 0
007 ta
008 220909b |||||||| |||| 00| 0 eng d
020 _a9788132118343 (hbk)
020 _aSL01562993
024 _a193013
037 _cTextual
040 _aCSL
_beng
_cCSL
041 _aeng
082 _aY7:(Q), Q4
100 _aBalslev Anindita N Ed.
245 0 _aOn world religions: diversity, not dissensions
260 _aNew Delhi
_b Sage Pub.
_c2014
300 _axxii, 281p. ill.
650 _a Nuclear age
650 _a Sacred spaces
650 _aGlobatization
700 _aBalslev Anindita N Ed.
942 _hY7:(Q), Q4
_cTEXL
_2CC
999 _c11991
_d11991